00442nam a2200181Ia 4500003000400000005001700004008004100021020002200062040000700084041000800091082002200099100002000121245002700141260004400168300001300212365001300225650002200238OSt20230331122647.0210423s2018 xx 000 0 und d a978-93-8602-542-5 cAL aeng a032.02 223bMATM aMATHEW (Mammen) aManorama yearbook 2018 aKottayambMalayala Manorama Pressc2018 a1039bPB b300cINR aGeneral Knowledge